00451nam a22001457a 450000500170000002000180001708200170003510000230005224500310007526000480010630000140015494200120016899900190018095201060019920250912120431.0 a9780143469018 a972.91 ULL/M aUllekh, N.P.91339 aMad about Cuba/cby Ullekh a. - Haryanab: Penguin random housec, 2024 a223 pages 2ddccBK c751316d751316 00102ddc4070aPOLbPOLd2025-03-01l0o972.91 ULL/MpPOL23767r2025-09-12 12:08:38w2025-09-12yBK